Countries neighboring Countries bordering Brazil - Statistics

General Stats
  • This quiz has been taken 25 times
  • The average score is 10 of 12
Answer Stats
Countries % Correct
Chile
100%
Ecuador
100%
Panama
100%
Spain
90%
Belgium
85%
Andorra
80%
Germany
80%
Luxembourg
80%
Italy
75%
Netherlands
75%
Switzerland
75%
Monaco
65%
No matching quizzes found
Score Distribution
Percent of People with Each Score
Percentile by Number Answered
Your Score History
You have not taken this quiz